书目信息 |
| 题名: |
引文索引法的理论及应用
|
|
| 作者: | 加菲尔德 著 ;侯汉清 , 陆宝树 , 马张华 译 | |
| 分册: | ||
| 出版信息: | 北京 北京图书馆出版社 2004.08 |
|
| 页数: | 249页 | |
| 开本: | 26cm | |
| 丛书名: | ||
| 单 册: | ||
| 中图分类: | G353.21 | |
| 科图分类: | ||
| 主题词: | 引文索引--yin wen suo yin--研究 | |
| 电子资源: | ||
| ISBN: | 7-5013-2438-7 | |
| 000 | 01244nam0 2200289 450 | |
| 001 | 012007634576 | |
| 005 | 20071008154209.51 | |
| 010 | @a7-5013-2438-7@dCNY35.00 | |
| 100 | @a20070801d2004 km y0chiy0120 ea | |
| 101 | 1 | @achi@ceng |
| 102 | @aCN@b110000 | |
| 105 | @aa a 000yy | |
| 200 | 1 | @a引文索引法的理论及应用@Ayin wen suo yin fa de li lun ji ying yong@f(美) 尤金·加菲尔德著@F(mei)you jin·jia fei er de zhu@g侯汉清, 陆宝树, 马张华译@Ghou han qing,lu bao shu,ma zhang hua yi |
| 210 | @a北京@c北京图书馆出版社@d2004.08 | |
| 215 | @a249页@c图@d26cm | |
| 312 | @a英文并列题名取自书中。 | |
| 320 | @a有书目。 | |
| 330 | @a本书对引文索引法的概念和原理,引文索引的设计和方法,在文献计量、科学计量和管理、期刊引文分析、科学家引文分析中的重要意义、应用原理及方法,以及它作为检索工具的重要意义和应用方法等做了深入的分析。 | |
| 500 | 10 | @aCitation indexing,its theory and application in science, technology, and humanities@mChinese |
| 606 | 0 | @a引文索引@Ayin wen suo yin@x研究 |
| 690 | @aG353.21@v4 | |
| 701 | 1 | @a加菲尔德@Ajia fei er de@g(Garfield, Eugene)@4著 |
| 702 | 0 | @a侯汉清@Ahou han qing@4译 |
| 702 | 0 | @a陆宝树@Alu bao shu@4译 |
| 702 | 0 | @a马张华@Ama zhang hua@4译 |
| 801 | 0 | @aCN@c20071008 |
| 905 | @dG353.21@eJ210 | |
| 引文索引法的理论及应用/(美) 尤金·加菲尔德著/侯汉清, 陆宝树, 马张华译.-北京:北京图书馆出版社,2004.08 |
| 249页:图;26cm |
| ISBN 7-5013-2438-7:CNY35.00 |
| 本书对引文索引法的概念和原理,引文索引的设计和方法,在文献计量、科学计量和管理、期刊引文分析、科学家引文分析中的重要意义、应用原理及方法,以及它作为检索工具的重要意义和应用方法等做了深入的分析。 |
| ● |
| 相关链接 |
|
|
|
正题名:引文索引法的理论及应用
索取号:G353.21/J210
 
预约/预借
| 序号 | 登录号 | 条形码 | 馆藏地/架位号 | 状态 | 备注 |
| 1 | 251490 | 202514902 | 社科库409/409社科库 120排3列5层/ [索取号:G353.21/J210] | 在馆 |